000 00603nam a22001937a 4500
005 20251108164027.0
008 250721s1998 xx 000 0 ara d
082 1 4 _a810.609/صبا
100 1 _aصباغ، محمد علي
245 1 0 _aالبلاغة الشعرية في كتاب البيان و التبين للجاحظ /
264 1 _aبيروت :
_bالمكتبة العصرية،
_c1998.
300 _a416ص
650 1 7 _aالأدب العربي
650 1 7 _aالعصر العباسي
650 1 7 _aالنقد الأدبي
650 1 7 _aالبلاغة
942 _2ddc
_cBK
999 _c1790
_d1790